Some applications of the variational method for the neutron thermalization problems /

Bibliographic Details
Main Author: Shimizu, A.
Corporate Author: U.S. Atomic Energy Commission
Format: Government Document Book
Language:English
Published: Oak Ridge, Tenn. : U.S. Atomic Energy Commission, [1960?]
Series:Translation series (U.S. Atomic Energy Commission) ; AEC-tr-4191.
Subjects:

MARC

Tag First Indicator Second Indicator Subfields
LEADER 00000cam a2200000Ka 4500
001 in00003454513
005 20151206100729.0
008 051118s1960 tnua b f000 0 eng d
035 |a (OCoLC)ocm85269622 
035 |a (OCoLC)85269622 
040 |a WAU  |c WAU  |d FUG  |d OCLCF  |d UtOrBLW 
049 |a TXAM 
086 0 |a Y 3.At 7:22/AEC-TR-4191 
100 1 |a Shimizu, A. 
245 1 0 |a Some applications of the variational method for the neutron thermalization problems /  |c by A. Shimizu. 
264 1 |a Oak Ridge, Tenn. :  |b U.S. Atomic Energy Commission,  |c [1960?] 
300 |a 20 pages :  |b illustrations ;  |c 28 cm. 
336 |a text  |b txt  |2 rdacontent 
337 |a unmediated  |b n  |2 rdamedia 
338 |a volume  |b nc  |2 rdacarrier 
490 1 |a [Translation series] ;  |v AEC-tr-4191 
500 |a Cover title. 
500 |a "November 1960 [OTI Issuance Date]." 
500 |a "AEC-tr-4191 ; Physics and Mathematics." 
500 |a "Translated in Japan from an article, revised and rewritten by the author, through the cooperation of the USAEC Scientific Representative, Tokyo. The article originally was published in Nihon-Genshiryoku-Gakkai Shi (Journal of the Atomic Energy Society of Japan) 1, 376-84(1959)." 
504 |a Includes bibliographical references. 
650 0 |a Thermal neutrons. 
650 0 |a Variational principles. 
650 7 |a Thermal neutrons.  |2 fast  |0 (OCoLC)fst01149765 
650 7 |a Variational principles.  |2 fast  |0 (OCoLC)fst01164195 
710 2 |a U.S. Atomic Energy Commission. 
830 0 |a Translation series (U.S. Atomic Energy Commission) ;  |v AEC-tr-4191. 
948 |a cataloged  |b h  |c 2014/5/13  |d c  |e mvaldespin  |f 01:39:26 pm 
994 |a C0  |b TXA 
999 |a MARS 
999 f f |s 19a242f0-2cd9-3f78-8902-99e79f267e00  |i ec632db9-e0f5-3330-b70d-0349db66d91d  |t 0 
952 f f |p normal  |a Texas A&M University  |b College Station  |c Sterling C. Evans Library  |d Evans: US Documents (Annex 5th floor)  |t 0  |e Y 3.At 7:22/AEC-TR-4191  |h Superintendent of Documents classification  |i unmediated -- volume  |m A14839401272 
998 f f |a Y 3.At 7:22/AEC-TR-4191  |t 0  |l Evans: US Documents (Annex 5th floor)